[Event "25th Bunratty Masters"]
[Site "Bunratty IRL"]
[Date "2018.02.23"]
[Round "1.24"]
[White "Schwartz, Ylon"]
[Black "Wall, Tim P"]
[Result "0-1"]
[WhiteTitle "FM"]
[BlackTitle "FM"]
[WhiteElo "2263"]
[BlackElo "2227"]
[WhiteFideId "2009323"]
[BlackFideId "401641"]
[EventDate "2018.02.23"]

1. g3 d5 2. Bg2 Nc6 3. d3 Bg4 4. h3 Bh5 5. c4 e6 6. cxd5 exd5 7. Nc3 Nf6 8. Qb3
Bb4 9. a3 Nd4 10. Qd1 Bc5 11. g4 Bg6 12. Be3 Ne6 13. Bxc5 Nxc5 14. f4 h5 15. g5
Nfd7 16. Bxd5 Qe7 17. Kd2 O-O-O 18. b4 Nxd3 19. exd3 Nb6 20. Qf3 Rhe8 21. Rh2
Nxd5 22. Re2 Ne3 23. Rxe3 Qxe3+ 24. Qxe3 Rxe3 25. Kxe3 Rxd3+ 26. Ke2 Rxc3 27.
Nf3 Bf5 0-1

[Event "25th Bunratty Masters"]
[Site "Bunratty IRL"]
[Date "2018.02.23"]
[Round "1.25"]
[White "Wallace, Paul"]
[Black "Scallan, Fiachra"]
[Result "1-0"]
[WhiteElo "2203"]
[BlackElo "1927"]
[WhiteFideId "2500892"]
[BlackFideId "2507528"]
[EventDate "2018.02.23"]

1. e4 e6 2. d4 d5 3. Nd2 Nf6 4. e5 Nfd7 5. Bd3 c5 6. c3 Nc6 7. Ne2 cxd4 8. cxd4
f6 9. Nf4 Nxd4 10. Qh5+ Ke7 11. exf6+ Nxf6 12. Ng6+ hxg6 13. Qxh8 Kf7 14. Qh4 e5
15. Nf3 Nxf3+ 16. gxf3 Bf5 17. Bxf5 gxf5 18. Bg5 Qa5+ 19. Kf1 g6 20. Bxf6 Qa6+
21. Kg2 Qxf6 22. Qa4 Bd6 23. Qb3 Kf8 24. Qxd5 Rc8 25. Rad1 Be7 26. Rhe1 e4 27.
fxe4 Rc2 28. exf5 Qh4 29. Qf3 Qg5+ 30. Kf1 Rc5 31. fxg6+ Rf5 32. Qe3 Qf6 33. g7+ 1-0

[Event "25th Bunratty Masters"]
[Site "Bunratty IRL"]
[Date "2018.02.23"]
[Round "1.26"]
[White "Keogh, Eamon"]
[Black "Li, Henry"]
[Result "1/2-1/2"]
[WhiteElo "1978"]
[BlackElo "2191"]
[WhiteFideId "2500264"]
[BlackFideId "2508524"]
[EventDate "2018.02.23"]

1. e3 Nf6 2. b3 g6 3. Bb2 Bg7 4. d4 O-O 5. Nd2 d6 6. Ngf3 Nc6 7. Be2 e5 8. dxe5
Ng4 9. O-O Ngxe5 10. Nxe5 Nxe5 11. Rb1 Re8 12. Nf3 Bf5 13. Nd4 Bd7 14. f4 Nc6
15. Nxc6 Bxc6 16. Bxg7 Kxg7 17. Qd4+ Qf6 18. Bf3 Qxd4 19. exd4 Bxf3 20. Rxf3 Re2
21. Rc3 Rae8 22. Rd1 R8e4 23. Rxc7 Rxf4 24. Rf1 Rxd4 25. Rxb7 Rdd2 26. Rbxf7+
Kh6 27. R7f2 Rxc2 28. Rxe2 Rxe2 29. Rd1 Rxa2 30. Rxd6 Kg5 31. h3 Kf4 32. Rd7 h5
33. Kh2 a5 34. Rf7+ Ke5 35. Rg7 Kf6 36. Rb7 1/2-1/2

[Event "25th Bunratty Masters"]
[Site "Bunratty IRL"]
[Date "2018.02.23"]
[Round "1.27"]
[White "Steil-Antoni, Fiona"]
[Black "Mirza, Diana"]
[Result "0-1"]
[WhiteTitle "WIM"]
[BlackTitle "WFM"]
[WhiteElo "2184"]
[BlackElo "1844"]
[WhiteFideId "4001249"]
[BlackFideId "2503999"]
[EventDate "2018.02.23"]

1. e4 d6 2. d4 e5 3. Nf3 exd4 4. Nxd4 Nf6 5. Nc3 g6 6. Be3 Bg7 7. Qd2 O-O 8. Bh6
Re8 9. Bxg7 Nxe4 10. Nxe4 Rxe4+ 11. Be2 Kxg7 12. O-O-O Qf6 13. Bf3 Re5 14. h4 h5
15. Be2 Nc6 16. Nf3 Rc5 17. Ne1 Ne5 18. f3 a5 19. g4 hxg4 20. fxg4 Bxg4 21. Bxg4
Nxg4 22. Nd3 Rf5 23. Qg2 Ne3 24. Qxb7 Nxd1 25. Qxa8 Ne3 26. Qe4 Nf1 27. Rg1 d5
28. Qe2 d4 29. h5 Ne3 30. hxg6 fxg6 31. Ne1 Rf2 32. Qd3 c5 33. b3 Nd5 34. Kb2
Nb4 35. Qc4 d3+ 0-1

[Event "25th Bunratty Masters"]
[Site "Bunratty IRL"]
[Date "2018.02.24"]
[Round "2.1"]
[White "Jones, Gawain C B"]
[Black "Vuilleumier, Alexandre"]
[Result "1-0"]
[WhiteTitle "GM"]
[BlackTitle "IM"]
[WhiteElo "2646"]
[BlackElo "2345"]
[WhiteFideId "409561"]
[BlackFideId "1305662"]
[EventDate "2018.02.23"]

1. c4 e5 2. g3 Nf6 3. Bg2 h6 4. Nc3 Bb4 5. e4 Bxc3 6. bxc3 O-O 7. d3 d6 8. Ne2
a6 9. a4 Nbd7 10. O-O Nc5 11. h3 b6 12. f4 Bb7 13. g4 Qd7 14. Be3 Bc6 15. Ng3
Bxa4 16. Qe2 exf4 17. Rxf4 Nh7 18. d4 Ne6 19. Rf2 b5 20. c5 Bb3 21. Nf5 Bc4 22.
Qd2 Rfe8 23. c6 Qxc6 24. d5 Qd7 25. Bxh6 Nc5 26. Bxg7 Nxe4 27. Bxe4 Rxe4 28. Bf6 1-0

[Event "25th Bunratty Masters"]
[Site "Bunratty IRL"]
[Date "2018.02.24"]
[Round "2.3"]
[White "Tiviakov, Sergei"]
[Black "L'Ami, Alina"]
[Result "1-0"]
[WhiteTitle "GM"]
[BlackTitle "IM"]
[WhiteElo "2569"]
[BlackElo "2310"]
[WhiteFideId "1008013"]
[BlackFideId "1210246"]
[EventDate "2018.02.23"]

1. e4 e6 2. d4 d5 3. Nd2 Nf6 4. e5 Nfd7 5. c3 c5 6. Bd3 Nc6 7. Ne2 cxd4 8. cxd4
f6 9. exf6 Nxf6 10. O-O Bd6 11. Nf3 O-O 12. Bg5 Qe8 13. Bf4 Bxf4 14. Nxf4 e5 15.
dxe5 Nxe5 16. Be2 Ng6 17. Nxd5 Nxd5 18. Qxd5+ Be6 19. Qe4 Rf4 20. Qe3 Bg4 21.
Rfe1 Qxe3 22. fxe3 Rb4 23. b3 Re8 24. Rac1 Ne5 25. Nxe5 Rxe5 26. Bxg4 Rxg4 27.
Rc7 Reg5 28. Re2 Rb4 29. e4 Re5 30. Rd2 Rbxe4 31. Rd8+ Re8 32. Rxe8+ Rxe8 33.
Rxb7 a5 34. a4 Re2 35. h4 g6 36. Kf1 Rb2 37. Kg1 Rc2 38. Rb5 Rc3 39. Kf2 h5 40.
g3 Kg7 41. Rxa5 Rxb3 42. Rg5 Ra3 43. a5 Kf6 44. Ke2 Kg7 45. Kd2 Kf6 46. Kc2 Kg7
47. Kb2 Ra4 48. Kb3 Ra1 49. Kb4 Kf6 50. Kb5 Rb1+ 51. Kc6 1-0

[Event "25th Bunratty Masters"]
[Site "Bunratty IRL"]
[Date "2018.02.24"]
[Round "2.4"]
[White "Collins, Sam E."]
[Black "Wall, Tim P"]
[Result "0-1"]
[WhiteTitle "IM"]
[BlackTitle "FM"]
[WhiteElo "2464"]
[BlackElo "2227"]
[WhiteFideId "2501198"]
[BlackFideId "401641"]
[EventDate "2018.02.23"]

1. e4 b6 2. d4 Bb7 3. Nc3 e6 4. Nf3 Bb4 5. Bd3 Nf6 6. e5 Ne4 7. O-O Nxc3 8. bxc3
Be7 9. a4 a5 10. Nd2 d6 11. exd6 Bxd6 12. Qg4 O-O 13. Nf3 f5 14. Qh3 Qf6 15. Re1
h6 16. Bb2 Nd7 17. c4 Rae8 18. Rab1 g5 19. Qh5 Qg7 20. d5 Nf6 21. Bxf6 Qxf6 22.
dxe6 Bc5 23. Ne5 Rxe6 24. Nd7 Rxe1+ 25. Rxe1 Qc6 26. Be4 fxe4 27. Nxf8 e3 28. f3
Kxf8 29. h4 Qe6 30. hxg5 e2+ 31. Kh1 Bf2 32. Rxe2 Qxe2 33. Qxh6+ Ke7 34. Qf6+
Kd7 0-1

[Event "25th Bunratty Masters"]
[Site "Bunratty IRL"]
[Date "2018.02.24"]
[Round "2.5"]
[White "Nettleton, Charlie B"]
[Black "Hebden, Mark L"]
[Result "1/2-1/2"]
[BlackTitle "GM"]
[WhiteElo "2011"]
[BlackElo "2454"]
[WhiteFideId "419710"]
[BlackFideId "400084"]
[EventDate "2018.02.23"]

1. d4 c5 2. e4 cxd4 3. Nf3 g6 4. Bc4 Bg7 5. O-O Nc6 6. c3 e6 7. Bg5 Nge7 8. Re1
f6 9. Bf4 d5 10. exd5 exd5 11. Bb3 Bg4 12. h3 Bxf3 13. Qxf3 O-O 14. Nd2 dxc3 15.
bxc3 Qd7 16. Ne4 Ne5 17. Qe2 Rfe8 18. Rad1 Nf7 19. c4 Nc6 20. cxd5 Na5 21. Qf3
b6 22. h4 Nxb3 23. axb3 Rad8 24. d6 Re6 25. Rc1 Qe8 26. Re3 f5 27. Ng5 Rxe3 28.
fxe3 Nxg5 29. hxg5 Qe6 30. Qb7 Bf8 31. Rc7 Rxd6 32. Rxh7 Rd1+ 33. Kh2 Qd5 34.
Qxd5+ Rxd5 35. Rxa7 Rb5 36. Ra8 Kf7 37. g4 fxg4 38. Kg3 Rxb3 39. Kxg4 Rb1 40.
Rc8 Be7 41. Rc7 Ke8 42. Rc6 Kd7 43. Rxg6 b5 44. Be5 b4 45. Kf5 Bc5 46. Bd4 Bxd4
47. exd4 Kc7 48. Rh6 b3 49. Kg6 Kd6 50. Rh2 Kd5 51. Rg2 b2 52. Kg7 Kxd4 53. g6
Kc3 54. Kg8 Rd1 55. Rxb2 Kxb2 56. g7 Rg1 57. Kf8 Rxg7 58. Kxg7 1/2-1/2

[Event "25th Bunratty Masters"]
[Site "Bunratty IRL"]
[Date "2018.02.24"]
[Round "2.6"]
[White "Bourached, Anthony"]
[Black "Wallace, John Paul"]
[Result "1-0"]
[BlackTitle "IM"]
[WhiteElo "1991"]
[BlackElo "2411"]
[WhiteFideId "2504456"]
[BlackFideId "3200957"]
[EventDate "2018.02.23"]

1. d4 Nf6 2. c4 e6 3. Nc3 Bb4 4. e3 b6 5. Ne2 c5 6. a3 Ba5 7. Rb1 Na6 8. g3 Bb7
9. d5 exd5 10. Bg2 Rb8 11. cxd5 O-O 12. O-O d6 13. e4 Qd7 14. Qd3 Rfc8 15. Qb5
Bxc3 16. Qxd7 Nxd7 17. Nxc3 Nc7 18. Bf4 Ne5 19. Bxe5 dxe5 20. f4 Re8 21. b4 Ba6
22. Rfd1 cxb4 23. axb4 Nb5 24. Nxb5 Bxb5 25. d6 Rbd8 26. Rbc1 Kf8 27. Rd5 Ba4
28. Rc7 exf4 29. gxf4 a6 30. e5 h6 31. Bh3 Rb8 32. d7 Red8 33. f5 Ke7 34. Rc8 f6
35. Rxb8 Rxb8 36. e6 Rd8 37. Kf2 Bxd7 38. Rxd7+ Rxd7 39. exd7 Kxd7 40. Bf1 a5
41. bxa5 bxa5 42. Kg3 Kd6 43. Kf4 Kd5 44. Bb5 1-0

[Event "25th Bunratty Masters"]
[Site "Bunratty IRL"]
[Date "2018.02.24"]
[Round "2.7"]
[White "Bates, Richard A"]
[Black "Wallace, Paul"]
[Result "1-0"]
[WhiteTitle "IM"]
[WhiteElo "2364"]
[BlackElo "2203"]
[WhiteFideId "403555"]
[BlackFideId "2500892"]
[EventDate "2018.02.23"]

1. d4 d5 2. c4 e6 3. Nf3 c5 4. cxd5 exd5 5. Nc3 Nc6 6. g3 cxd4 7. Nxd4 Bc5 8.
Nb3 Bb4 9. Bg2 Nge7 10. O-O Bxc3 11. bxc3 O-O 12. Nd4 Bg4 13. h3 Bh5 14. Rb1 Qd7
15. Re1 Bg6 16. Rb2 Na5 17. Bg5 f6 18. Bf4 Rac8 19. Rb5 b6 20. Qc1 Rc4 21. Rb4
Rfc8 22. Rxc4 Nxc4 23. Rd1 Qa4 24. Qa1 Be4 25. f3 Bg6 26. h4 Bf7 27. Bh3 Re8 28.
Qb1 Ng6 29. Qb3 Qxb3 30. axb3 Nxf4 31. gxf4 Nd6 32. Kf2 a5 33. Bd7 Re7 34. Bc6
Rc7 35. Rb1 Kf8 36. b4 Nf5 37. bxa5 Nxd4 38. axb6 Rc8 39. cxd4 Ke7 40. b7 Rb8
41. e4 Kd6 42. Rc1 h6 1-0

[Event "25th Bunratty Masters"]
[Site "Bunratty IRL"]
[Date "2018.02.24"]
[Round "2.8"]
[White "Manojlovic, Mihailo"]
[Black "Heidenfeld, Mark"]
[Result "1/2-1/2"]
[BlackTitle "IM"]
[WhiteElo "2055"]
[BlackElo "2356"]
[WhiteFideId "2507633"]
[BlackFideId "2500990"]
[EventDate "2018.02.23"]

1. e4 e6 2. d4 d5 3. Nc3 dxe4 4. Nxe4 Nd7 5. Nf3 Ngf6 6. Nxf6+ Nxf6 7. Bd3 c5 8.
dxc5 Bxc5 9. O-O O-O 10. Bg5 h6 11. Bh4 b6 12. Qe2 Bb7 13. Rad1 Qc7 14. Bg3 Qe7
15. c3 Rfd8 16. Rd2 Bd6 17. Ne5 Bxe5 18. Bxe5 Rd5 19. Rfd1 Rad8 20. Bxf6 gxf6
21. Qg4+ Kh8 22. Qh4 Kg7 23. Qg4+ 1/2-1/2

[Event "25th Bunratty Masters"]
[Site "Bunratty IRL"]
[Date "2018.02.24"]
[Round "2.9"]
[White "Rendle, Thomas E"]
[Black "Hayes, Peter J."]
[Result "1-0"]
[WhiteTitle "IM"]
[WhiteElo "2359"]
[BlackElo "2079"]
[WhiteFideId "408760"]
[BlackFideId "2502569"]
[EventDate "2018.02.23"]

1. e4 c6 2. Nf3 d5 3. Nc3 Bg4 4. h3 Bxf3 5. Qxf3 e6 6. d3 Nd7 7. Bd2 Ngf6 8. g4
g6 9. O-O-O Bg7 10. d4 Nxe4 11. Nxe4 dxe4 12. Qxe4 Nf6 13. Qf3 Qd5 14. Qxd5 Nxd5
15. c3 O-O-O 16. Bg2 e5 17. Bg5 f6 18. Bh4 Nf4 19. Bf3 exd4 20. cxd4 Rhe8 21.
Kc2 g5 22. Bg3 Ne2 23. d5 cxd5 24. Rd3 Nxg3 25. fxg3 d4 26. Rhd1 Re3 27. Bxb7+
Kc7 28. Ba6 Bf8 29. Rf1 Rd6 30. Bc4 Rc6 31. b3 Bc5 32. Rf5 a5 33. Bb5 Bb4+ 34.
Bxc6 Re2+ 35. Kc1 Kxc6 36. Rxd4 Rxa2 37. Rxf6+ Kc7 38. Rh6 Rg2 39. Rd3 Rg1+ 40.
Kc2 Rg2+ 41. Kd1 Rg1+ 42. Ke2 Re1+ 43. Kf3 Re7 44. Rd5 1-0

[Event "25th Bunratty Masters"]
[Site "Bunratty IRL"]
[Date "2018.02.24"]
[Round "2.10"]
[White "Mirza, Diana"]
[Black "Pein, Malcolm"]
[Result "0-1"]
[WhiteTitle "WFM"]
[BlackTitle "IM"]
[WhiteElo "1844"]
[BlackElo "2346"]
[WhiteFideId "2503999"]
[BlackFideId "400289"]
[EventDate "2018.02.23"]

1. e4 e6 2. d3 d5 3. Nd2 Nf6 4. Ngf3 Nc6 5. g3 dxe4 6. dxe4 e5 7. Bg2 Bc5 8. O-O
O-O 9. Qe2 Qe7 10. c3 a5 11. a4 b6 12. Nc4 Ba6 13. b3 Rfd8 14. Bg5 h6 15. Bxf6
Qxf6 16. Rad1 Qe6 17. Nfd2 Rd7 18. Nf3 Bxc4 19. bxc4 Rad8 20. Rd5 Bd6 21. Rfd1
Ne7 22. R5d2 Ng6 23. Rd5 c6 24. R5d2 Bc5 25. Bf1 Nf8 26. Nh4 g6 27. Ng2 Qf6 28.
Rxd7 Rxd7 29. Rxd7 Nxd7 30. Ne1 Qe6 31. Bg2 Kg7 32. Qf1 Nf6 33. h3 Ne8 34. Nf3
Nd6 35. Nd2 Ba3 36. Qa1 Bc5 37. Qf1 Nb7 38. Qd3 Qd6 39. Qc2 Qf6 40. Nb3 Qe6 41.
Bf1 Be7 42. Nd2 Qd6 43. Nf3 Nc5 44. Kg2 Bd8 45. Be2 Bc7 46. Ne1 h5 47. h4 Bd8
48. Nf3 Be7 49. Nd2 Nxa4 50. Nb3 Nc5 51. Nxc5 Qxc5 52. Qa4 Bd8 53. Qd1 Be7 54.
Qc2 Bd6 55. Qa2 Bc7 56. Qd2 a4 0-1

[Event "25th Bunratty Masters"]
[Site "Bunratty IRL"]
[Date "2018.02.24"]
[Round "2.11"]
[White "Li, Henry"]
[Black "Short, Nigel D"]
[Result "1/2-1/2"]
[BlackTitle "GM"]
[WhiteElo "2191"]
[BlackElo "2681"]
[WhiteFideId "2508524"]
[BlackFideId "400025"]
[EventDate "2018.02.23"]

1. e4 e5 2. Nf3 Nc6 3. Bb5 g6 4. d4 exd4 5. Bg5 Be7 6. Bxe7 Qxe7 7. O-O Nf6 8.
Bxc6 dxc6 9. Qxd4 c5 10. Qe3 b6 11. Nc3 Bb7 12. Rad1 O-O 13. e5 Ng4 14. Qf4 Bxf3
15. Qxf3 Qh4 16. Qf4 g5 17. Qg3 Qxg3 18. hxg3 Nxe5 19. Rfe1 Nc4 20. b3 Na3 21.
Rd7 Nxc2 22. Ree7 c6 23. Ne4 h6 24. g4 Nb4 25. Nf6+ Kg7 26. Nh5+ Kg8 27. Nf6+
Kg7 28. Nh5+ Kg8 29. Nf6+ 1/2-1/2

[Event "25th Bunratty Masters"]
[Site "Bunratty IRL"]
[Date "2018.02.24"]
[Round "2.13"]
[White "Williams, Simon K"]
[Black "Moran, Stephen"]
[Result "1-0"]
[WhiteTitle "GM"]
[WhiteElo "2453"]
[BlackElo "2127"]
[WhiteFideId "404454"]
[BlackFideId "2501872"]
[EventDate "2018.02.23"]

1. d4 Nf6 2. c4 g6 3. Nc3 d5 4. Nf3 Bg7 5. h4 dxc4 6. e4 c5 7. d5 O-O 8. e5 Ng4
9. Bxc4 Nd7 10. h5 Ndxe5 11. Be2 c4 12. Nxe5 Nxe5 13. Be3 Bf5 14. Qd2 Nd3+ 15.
Bxd3 Bxd3 16. Bh6 e6 17. Bxg7 Kxg7 18. hxg6 Bxg6 19. O-O-O Qf6 20. Rh3 Rad8 21.
d6 Qf5 22. g4 Qxg4 23. Qh6+ Kh8 24. Rh4 Qf3 25. Rg1 Qf5 26. Ne4 Rg8 27. Qe3 e5
28. f3 Rxd6 29. Rg5 Rd3 30. Qc5 Qxf3 31. Qxe5+ f6 32. Qxf6+ Qxf6 33. Nxf6 Kg7
34. Nxg8 Kxg8 35. Rxc4 1-0

[Event "25th Bunratty Masters"]
[Site "Bunratty IRL"]
[Date "2018.02.24"]
[Round "2.14"]
[White "Doggers, Peter"]
[Black "Wells, Peter K"]
[Result "0-1"]
[BlackTitle "GM"]
[WhiteElo "2171"]
[BlackElo "2427"]
[WhiteFideId "1005774"]
[BlackFideId "400327"]
[EventDate "2018.02.23"]

1. e4 c6 2. d4 d5 3. Nc3 dxe4 4. Nxe4 Nd7 5. Nf3 Ngf6 6. Ng3 c5 7. dxc5 e6 8. c6
bxc6 9. Be2 Be7 10. O-O O-O 11. c4 Qc7 12. b3 c5 13. Bb2 Bb7 14. Bd3 Rad8 15.
Qe2 Qf4 16. Rad1 Bxf3 17. Qxf3 Qxf3 18. gxf3 Nb8 19. Rfe1 Nc6 20. Kg2 g6 21. f4
Rd7 22. Be2 Rfd8 23. Bc3 Nd4 24. Bxd4 Rxd4 25. Kf3 Rd2 26. a3 h5 27. Nf1 Rb2 28.
Rb1 Rxb1 29. Rxb1 a5 30. Rd1 Rb8 31. Rd3 Ne8 32. Ne3 Nd6 33. Bd1 f5 34. Bc2 Kf7
35. Rd1 Rb6 36. Ng2 a4 37. bxa4 Nxc4 38. Ne3 Nxa3 39. Bd3 Rb4 40. a5 Ra4 41. a6
c4 42. Be2 Rxa6 43. Nxc4 Nxc4 44. Bxc4 Ra4 45. Rc1 Kf6 46. Bd3 Ra3 47. Ke2 Bd6
48. Rc4 h4 49. Rd4 Ra2+ 50. Kf3 Bc5 0-1

[Event "25th Bunratty Masters"]
[Site "Bunratty IRL"]
[Date "2018.02.24"]
[Round "2.15"]
[White "Baburin, Alexander"]
[Black "Marquardt, Christian"]
[Result "1-0"]
[WhiteTitle "GM"]
[WhiteElo "2458"]
[BlackElo "2115"]
[WhiteFideId "2500914"]
[BlackFideId "4647866"]
[EventDate "2018.02.23"]

1. d4 Nf6 2. c4 c5 3. d5 b5 4. cxb5 a6 5. bxa6 g6 6. Nc3 Bxa6 7. g3 d6 8. Bg2
Bg7 9. Nf3 O-O 10. O-O Nfd7 11. Qc2 Nb6 12. Rd1 N8d7 13. Rb1 Nc4 14. Nd2 Qa5 15.
Nxc4 Bxc4 16. Bd2 Bxc3 17. Bxc3 Qxa2 18. Qd2 Bb3 19. Re1 Ra7 20. e4 Qa6 21. f4
e6 22. dxe6 fxe6 23. f5 exf5 24. exf5 Rxf5 25. Re7 Ne5 26. Rxa7 Qxa7 27. Qxd6
Nf7 28. Qc6 Ng5 29. Qe8+ Rf8 30. Qe5 1-0

[Event "25th Bunratty Masters"]
[Site "Bunratty IRL"]
[Date "2018.02.24"]
[Round "2.16"]
[White "O'Donnell, Conor"]
[Black "Keogh, Eamon"]
[Result "1-0"]
[WhiteTitle "FM"]
[WhiteElo "2318"]
[BlackElo "1978"]
[WhiteFideId "2504243"]
[BlackFideId "2500264"]
[EventDate "2018.02.23"]

1. d4 Nf6 2. c4 g6 3. g3 Bg7 4. Bg2 O-O 5. Nc3 d6 6. Nf3 c6 7. O-O Qa5 8. h3
Nbd7 9. e4 Rb8 10. e5 Ne8 11. exd6 exd6 12. Bf4 Qb4 13. Qb3 Qxb3 14. axb3 Ndf6
15. Rxa7 Nh5 16. Bg5 f6 17. Bd2 f5 18. Re1 Nc7 19. Na4 Ne6 20. Bb4 c5 21. dxc5
dxc5 22. Nxc5 Nd4 23. Nxd4 Bxd4 24. Bc3 Bxc5 25. Bd5+ Rf7 26. Re8+ Bf8 27. Rxc8
Rxc8 28. Rxb7 Ng7 29. Rxf7 Kh8 30. b4 1-0

[Event "25th Bunratty Masters"]
[Site "Bunratty IRL"]
[Date "2018.02.24"]
[Round "2.17"]
[White "Maroroa, Sue"]
[Black "Prilleltensky, Matan"]
[Result "1/2-1/2"]
[WhiteTitle "WIM"]
[WhiteElo "2102"]
[BlackElo "2195"]
[WhiteFideId "4301498"]
[BlackFideId "2024810"]
[EventDate "2018.02.23"]

1. e4 c5 2. Nf3 e6 3. g3 d5 4. exd5 exd5 5. d4 Nf6 6. Bg2 Be7 7. O-O O-O 8. h3
Nc6 9. Nc3 Be6 10. Be3 Ne4 11. dxc5 Nxc3 12. bxc3 Qa5 13. Nd4 Qxc3 14. Rb1 Nxd4
15. Bxd4 Qc4 16. Rxb7 Bxc5 17. c3 Bxd4 18. Qxd4 Rac8 19. Rd1 Qxc3 20. Qxc3 Rxc3
21. Bxd5 Bxd5 22. Rxd5 Ra3 1/2-1/2

[Event "25th Bunratty Masters"]
[Site "Bunratty IRL"]
[Date "2018.02.24"]
[Round "2.18"]
[White "Daly, Colm"]
[Black "Fox, Anthony"]
[Result "1/2-1/2"]
[WhiteTitle "FM"]
[WhiteElo "2319"]
[BlackElo "2038"]
[WhiteFideId "2500434"]
[BlackFideId "2500736"]
[EventDate "2018.02.23"]

1. d4 d5 2. c4 e6 3. Nc3 Nf6 4. cxd5 exd5 5. Bg5 c6 6. e3 Be7 7. Qc2 Nbd7 8. Nf3
O-O 9. Bd3 Re8 10. h3 Nf8 11. Bf4 Be6 12. O-O-O a5 13. Kb1 Rc8 14. Rc1 c5 15.
dxc5 Bxc5 16. Rhd1 Qe7 17. Ka1 Red8 18. Qb1 Bb4 19. Nb5 Ne8 20. Bg5 f6 21. Bf4
Rxc1 22. Rxc1 Rc8 23. Nfd4 Rxc1 24. Qxc1 Nd6 25. Bxd6 Bxd6 26. Qc2 g6 27. Be2
Kg7 28. Bf3 Bf7 29. a3 Bc5 30. Qd2 b6 31. Ne2 Qd7 32. Qd3 Ne6 33. h4 Nc7 34.
Nxc7 Qxc7 35. g3 Qe5 36. Bg2 Qd6 37. Nd4 Bxd4 38. Qxd4 Qc5 39. Qxc5 bxc5 40. Kb1
Kf8 41. Kc2 Ke7 1/2-1/2

[Event "25th Bunratty Masters"]
[Site "Bunratty IRL"]
[Date "2018.02.24"]
[Round "2.19"]
[White "Fitzsimons, David"]
[Black "Wolferink, Frans"]
[Result "1-0"]
[WhiteTitle "FM"]
[WhiteElo "2330"]
[BlackElo "2086"]
[WhiteFideId "2501961"]
[BlackFideId "1003917"]
[EventDate "2018.02.23"]

1. e4 e5 2. Nf3 Nc6 3. Bc4 Nf6 4. d3 Bc5 5. O-O a6 6. c3 Ba7 7. Nbd2 O-O 8. h3
Re8 9. Bb3 d5 10. exd5 Nxd5 11. Ne4 h6 12. Bxh6 1-0

[Event "25th Bunratty Masters"]
[Site "Bunratty IRL"]
[Date "2018.02.24"]
[Round "2.20"]
[White "Melaugh, Shane"]
[Black "Short, Philip M"]
[Result "1-0"]
[BlackTitle "FM"]
[WhiteElo "2103"]
[BlackElo "2333"]
[WhiteFideId "2509580"]
[BlackFideId "2500086"]
[EventDate "2018.02.23"]

1. c4 f5 2. d4 Nf6 3. g3 g6 4. Bg2 Bg7 5. Nf3 d6 6. O-O O-O 7. Nc3 a5 8. Re1 c6
9. e4 fxe4 10. Nxe4 Nxe4 11. Rxe4 d5 12. Re1 dxc4 13. Qe2 b5 14. Qxe7 Qb6 15.
Bf4 Ra7 16. Qe3 Na6 17. Ne5 Nb4 18. d5 Qxe3 19. Bxe3 Re7 20. Nxc6 Rxe3 21. Rxe3
Nc2 22. Rb1 Nxe3 23. fxe3 Re8 24. e4 a4 25. Kf2 Bd7 26. Ke3 Bxc6 27. dxc6 Be5
28. Bh3 Kf7 29. Rd1 Bc7 30. Rd5 Re5 31. Kd4 Rxd5+ 32. exd5 Ke7 33. Kc5 a3 34.
Bg2 axb2 35. Be4 c3 36. Kxb5 Kd6 37. Kc4 Bb6 38. a3 Ke5 39. Bc2 Kd6 40. Bd3 Bc7
41. a4 Bb6 42. Kb5 Bf2 43. a5 Kc7 44. a6 Bg1 45. Kc4 Kb6 46. Kxc3 b1=Q 47. Bxb1
Kxa6 48. d6 Bc5 49. Bd3+ Kb6 50. c7 1-0

[Event "25th Bunratty Masters"]
[Site "Bunratty IRL"]
[Date "2018.02.24"]
[Round "2.21"]
[White "Davey, Mark"]
[Black "Schwartz, Ylon"]
[Result "0-1"]
[BlackTitle "FM"]
[WhiteElo "1990"]
[BlackElo "2263"]
[WhiteFideId "404730"]
[BlackFideId "2009323"]
[EventDate "2018.02.23"]

1. e4 c5 2. Nc3 a6 3. g3 b5 4. Bg2 Bb7 5. Nge2 e6 6. d4 cxd4 7. Qxd4 Nc6 8. Qe3
Nb4 9. Qd2 Bc5 10. O-O Nc6 11. a3 Qb8 12. Rd1 Nf6 13. Qg5 Qe5 14. Bf4 Qxg5 15.
Bxg5 Ng4 16. Rf1 Nd4 17. h3 Ne5 18. Nxd4 Bxd4 19. Nd1 Rc8 20. c3 Bb6 21. Be3
Bxe3 22. Nxe3 Nd3 23. Rab1 f6 24. Rfd1 Nc5 25. f3 Na4 26. Rd3 Ke7 27. Kf2 Rc5
28. Bf1 Rhc8 29. Rbd1 R5c7 30. R3d2 Nc5 31. Be2 Bxe4 32. fxe4 Nxe4+ 33. Kf3
Nxd2+ 34. Rxd2 d5 35. Kf2 Rb8 36. Nc2 Rc5 37. Nb4 Rb6 38. Nd3 Rc7 39. Nf4 g5 40.
Nd3 Rc8 41. Ke3 Rd8 42. Nc5 Rc8 43. b4 Rbc6 44. Bg4 Rxc5 45. bxc5 Rxc5 46. Kd3
f5 47. Bd1 e5 48. Bb3 Kd6 49. Rf2 Ke6 50. g4 f4 51. Rf1 Rc7 52. Ra1 Kd6 53. Rh1
Kc5 54. h4 h5 55. hxg5 hxg4 56. Rh4 g3 57. Rg4 Rg7 58. g6 Kd6 59. Ke2 a5 60. Kf3
a4 61. Ba2 Ke6 62. Bb1 Kf6 63. Bc2 Rc7 0-1

[Event "25th Bunratty Masters"]
[Site "Bunratty IRL"]
[Date "2018.02.24"]
[Round "2.22"]
[White "Kennedy, John"]
[Black "Connell, Blair N"]
[Result "0-1"]
[WhiteElo "2102"]
[BlackElo "2234"]
[WhiteFideId "2501120"]
[BlackFideId "403725"]
[EventDate "2018.02.23"]

1. Nf3 d5 2. g3 c6 3. Bg2 Nf6 4. O-O Bg4 5. h3 Bxf3 6. Bxf3 Nbd7 7. d3 e5 8. e4
dxe4 9. dxe4 Nc5 10. Qe2 Ne6 11. c3 Bc5 12. b4 Bb6 13. Rd1 Qe7 14. a4 a5 15. b5
O-O 16. Na3 Rfd8 17. Rxd8+ Rxd8 18. bxc6 bxc6 19. Nc4 Qc7 20. Rb1 Ba7 21. Be3
Nc5 22. Bxc5 Bxc5 23. Qb2 h5 24. Qb7 Qxb7 25. Rxb7 Rd3 26. Rb8+ Kh7 27. Nxe5 Rd2
28. Kf1 Rxf2+ 29. Ke1 Ra2 30. Nxf7 Bf2+ 31. Kd1 Bxg3 32. e5 Rxa4 33. Rc8 Nd5 34.
Rxc6 Ne7 35. Ng5+ Kg8 36. Rd6 g6 37. Rd8+ Kg7 38. Ne6+ Kf7 39. Ng5+ Kg7 40. Ne6+
Kh7 41. Nf8+ Kh6 42. Re8 Nf5 43. Re6 Nh4 44. Bc6 Ra1+ 45. Kc2 Re1 46. Nd7 Nf5
47. Re8 Kg5 48. e6 Ng7 49. Ra8 Rxe6 50. Rxa5+ Kh4 51. Nb8 Bxb8 52. Ra4+ Kg3 0-1